ThinkingMansTrivia - Statistics

General Stats
  • This quiz has been taken 80 times
    55 since last reset
  • The average score is 8 of 22
Answer Stats
Hint Answer % Correct
What Esports Org is TMV a content creator for? Acend
92%
What is the name of said podcast? Cosmic Divide
71%
Who is his podcast partner? Elevated
67%
What is TMV's real name? Chris
60%
On what map did TMV scream "KINGG"? Haven
60%
At which place did TMV rank DRX in the pre-Champs 2023 rankings? 7th
58%
What is the name of the TMV-based community league? Throw City
58%
Which milestone did TMV recently hit? 100k YouTube subscribers
54%
Which mod is known for compiling clips and posting them on YouTube every monday? CanadaMan
48%
TMV died to fall damage in an infamous clip while playing what agent? Sova
40%
Name any TMV clone (ThinkingMans_______) 19rupees | Ads | AimLab | AmongUs | bigdingus | Cocaine | DanceMusic | ExBoyfriend | FlowerBreedin | Fortnite | FruitNinja | gambling | Ketamine | Mathematician | Minecraft | MusicalChairs | Osu | Politics | Pong | Roblox | secrethusband | SENhater | Sex | ShartyPants | ShartyPants2 | StarRail | SteamyChair | SubwaySufers | SubwaySurfers | tarik | TMVHypeMan | TeamFortress2 | Tournament | clashofclans | crumpet | fartfetish | gam | gambit | game | game1 | gender | geoguessr | gooning69 | mealdeal | methneedle | plagiarism | quesarito | rango | terraria | thinkingman | WeetBix | yakuza0 + probably like 20 more
35%
What was TMV's YouTube channel originally about? Legends of Runeterra
27%
What movie was part of a Twitch sub goal? Rango
23%
As what has TMV cosplayed before? Pink Power Ranger
19%
Name a Twitch Mod who is also an official Tier 2 observer Magnum
17%
Who has the most gifted subs of all time in TMV's twitch channel? floritis
15%
What is TMV's favorite food? Weetabix
15%
According to Benkai, who does TMV look like? Arthur Weasley
13%
Which professional coach offered TMV a position as an analyst? bzkA
12%
And who is his brother? ItsaMeekay
12%
What is that name of the resident silver player in said league? vic
8%
Which team won the first ever Throw City Clash Tournament? HowTheCatGetUnder
2%
No matching quizzes found
Score Distribution
Percent of People with Each Score
Percentile by Number Answered
Your Score History
You have not taken this quiz since the last reset